1154 1111 1975 1595 1056 1168 1599 1943 1817 1104 1310 1490 1382 1457 1000 1912 1798 1370 1686 1724 1241 1188 1118 1148 1914 1650 1081 1514 1732 1421 1316 1888 1356 1886 1223 1785 1500 1304 1102 1554 1705 1239 1344 1251 1725 1808 1004 1154 1954 1403 1648 1640 1159 1767 1396 1278 1525 1889 1271 1945 1812 1037 1448 1178 1232 1578 1769 1028 1162 1190 1116 1660 1986 1510 1689 1254 1207 1318 1484 1057 1077 1596 1854 1774 1419 1574 1432 1176 1783 1675 1140 1973 1221 1004 1787 1420 1697 1710 1640 BCNSPRNW ULIB Ver.6.0+V

เปลี่ยนเป็นภาษาไทย

Change to English
 แสดงรายละเอียดบรรณานุกรม
  กลับหน้าหลัก

Brief Record : Get Marc (ISO 2709) : E-mail record : QR code < ปิดหน้าต่าง
LEADER : 00000nam a2200000 a 4500
001    13399114527
003     ULIB
008    971029s2012 enka 000 0 eng d
020    ^a 9780763784508
060 04 ^aWS115^bP314p
245 00 ^aPediatric nutrition /^cedited by Patricia Queen Samour and Kathy King
260    ^aSudbury :^bJones&Bartlett,^c2012
300    ^a538 p. :^bill. ;^c24 cm.
504    ^aInclude bibliographies and index
650  0 ^a Child nutritional Physiological Phenomena
650  7 ^a Child Diet Therapy
650  7 ^aInfant
700 1  ^aKing Kathy.,^eed.
945    ^p0^l0^i031631
995    ^a Kesorn
999 ^a ใช้งานได้ทุกระบบ
รายการนี้ยังไม่มีแท็ก
คุณยังไม่ได้ล็อกอิน คุณสามารถมีกิจกรรมร่วมกับเว็บไซต์ได้ แต่ต้องล็อกอินก่อน ::
  ล็อกอิน

รายการสื่อสารสนเทศ

ลำดับที่ ประเภท เลขเรียก/บาร์โค้ด สถานที่ สถานะ
- ไม่พบข้อมูล -

รายการใกล้เคียง
    หัวเรื่อง [Infant]

BibComment


ยังไม่เคยถูกคอมเมนท์

คอมเมนท์ทรัพยากรรายการนี้
  คอมเมนท์: Pediatric nutrit..


 Copyright 2026. Bcnsprnw @Library